Water pollution control in development countries: (Record no. 22323)
[ view plain ]
| 000 -LEADER | |
|---|---|
| fixed length control field | 00615nam a22001697a 4500 |
| 008 - FIXED-LENGTH DATA ELEMENTS--GENERAL INFORMATION | |
| fixed length control field | 230421b |||||||| |||| 00| 0 eng d |
| 040 ## - CATALOGING SOURCE | |
| Original cataloging agency | National Science Library |
| Transcribing agency | National Science Library |
| 080 ## - UNIVERSAL DECIMAL CLASSIFICATION NUMBER | |
| Universal Decimal Classification number | 502.55(204)(082.2) |
| Item number | L8.1 |
| 245 ## - TITLE STATEMENT | |
| Title | Water pollution control in development countries: |
| Remainder of title | Proceedings of the international conference held at Bangkok, Thailand 21-25 February, 1978 |
| 260 ## - PUBLICATION, DISTRIBUTION, ETC. | |
| Place of publication, distribution, etc. | Bangkok: |
| Name of publisher, distributor, etc. | The Asian Institute of Technology, |
| Date of publication, distribution, etc. | 1978 |
| 300 ## - PHYSICAL DESCRIPTION | |
| Extent | 264p. |
| 650 ## - SUBJECT ADDED ENTRY--TOPICAL TERM | |
| Topical term or geographic name entry element | Pollution |
| 653 ## - INDEX TERM--UNCONTROLLED | |
| Uncontrolled term | Development |
| 700 10 - ADDED ENTRY--PERSONAL NAME | |
| Personal name | Ouano, E A R (Ed.) |
| 700 10 - ADDED ENTRY--PERSONAL NAME | |
| Personal name | Lohani, B N (Ed.) |
| 942 ## - ADDED ENTRY ELEMENTS (KOHA) | |
| Source of classification or shelving scheme | Universal Decimal Classification |
| Koha item type | Proceedings |
| Withdrawn status | Lost status | Source of classification or shelving scheme | Damaged status | Not for loan | Home library | Current library | Shelving location | Date acquired | Total Checkouts | Full call number | Barcode | Date last seen | Price effective from | Koha item type |
|---|---|---|---|---|---|---|---|---|---|---|---|---|---|---|
| Universal Decimal Classification | National Science Library | National Science Library | GF/Rk-5/C-20/R-4 | 24/08/1979 | 502.55(204)(082.2) L8.2 | 89343 | 21/04/2023 | 24/08/1979 | Proceedings |